[Event "Belgrade-chT Quality"]
[Site "Belgrade"]
[Date "2019.10.26"]
[Round "7.7"]
[White "Skenderija, Mladen"]
[Black "Koscal, Arsenije"]
[Result "0-1"]
[WhiteElo "2062"]
[BlackElo "1679"]
[PlyCount "64"]
[EventDate "2019.10.05"]
[EventType "team-tourn"]
[EventRounds "11"]
[EventCountry "SRB"]
[SourceTitle "EXT 2022"]
[Source "ChessBase"]
[SourceDate "2021.10.06"]
[SourceVersion "1"]
[SourceVersionDate "2021.10.06"]
[SourceQuality "1"]
[WhiteTeam "Belgrade Politika"]
[BlackTeam "Romanticari"]
[WhiteTeamCountry "SRB"]
[BlackTeamCountry "SRB"]

1. Nf3 Nf6 2. g3 g6 3. Bg2 Bg7 4. 0-0 d6 5. d3 0-0 6. c4 e5 7. Nc3 Nc6 8. Rb1 a5 9. a3 Nh5 10. Nd5 f5 11. b4 Be6 12. Ng5 Bc8 13. b5 Nd4 14. b6 c6 15. e3 Qxg5 16. exd4 Qd8 17. Nc7 Rb8 18. d5 c5 19. Bd2 f4 20. Bxa5 Qf6 21. Bd2 f3 22. Bh1 Qf5 23. Be3 g5 24. a4 g4 25. Rb3 Nf4 26. Re1 Bd7 27. Ra3 Rf6 28. Bxf4 exf4 29. Re7 Rh6 30. Rxd7 Qxd7 31. Qe1 fxg3 32. hxg3 Qf7 0-1

[Event "Belgrade-chT Quality"]
[Site "Belgrade"]
[Date "2019.10.13"]
[Round "4.8"]
[White "Milin, Dragan"]
[Black "Skenderija, Mladen"]
[Result "1-0"]
[WhiteElo "2053"]
[BlackElo "2062"]
[PlyCount "79"]
[EventDate "2019.10.05"]
[EventType "team-tourn"]
[EventRounds "11"]
[EventCountry "SRB"]
[SourceTitle "EXT 2022"]
[Source "ChessBase"]
[SourceDate "2021.10.06"]
[SourceVersion "1"]
[SourceVersionDate "2021.10.06"]
[SourceQuality "1"]
[WhiteTeam "Bogoslov"]
[BlackTeam "Belgrade Politika"]
[WhiteTeamCountry "SRB"]
[BlackTeamCountry "SRB"]

1. d4 d6 2. e4 Nf6 3. Nc3 c6 4. Nf3 g6 5. Bg5 Bg7 6. Qd2 b5 7. Bd3 b4 8. Ne2 a5 9. e5 Nd5 10. Bh6 Bxh6 11. Qxh6 Kd7 12. c4 bxc3 13. bxc3 Qf8 14. Qd2 h5 15. c4 Nc7 16. d5 c5 17. Qb2 Kd8 18. exd6 exd6 19. Qf6+ Ke8 20. 0-0 Nd7 21. Qf4 Kd8 22. Nc3 Ne8 23. Rfe1 Qg7 24. Nb5 Qf6 25. Qg5 Ba6 26. Rxe8+ Rxe8 27. Nxd6 Re7 28. Qxf6 Nxf6 29. Ne5 Kc7 30. Ndxf7 Ne8 31. Bxg6 h4 32. f4 a4 33. f5 Nd6 34. f6 Ree8 35. Nxd6 Rxe5 36. Nf7 Re2 37. d6+ Kc6 38. Bh5 Rf8 39. Bxe2 Rxf7 40. Rd1 1-0

[Event "Belgrade-chTB Quality"]
[Site "Belgrade"]
[Date "2018.10.21"]
[Round "8.8"]
[White "Skenderija, Mladen"]
[Black "Gemovic, Marko"]
[Result "1-0"]
[WhiteElo "1999"]
[BlackElo "1672"]
[PlyCount "121"]
[EventDate "2018.09.29"]
[EventType "team-tourn"]
[EventRounds "11"]
[EventCountry "SRB"]
[SourceTitle "CBM 187 Extra"]
[Source "ChessBase"]
[SourceDate "2018.11.04"]
[SourceVersion "1"]
[SourceVersionDate "2018.11.04"]
[SourceQuality "1"]
[WhiteTeam "Belgrade Politika"]
[BlackTeam "Belgrade Borca"]
[WhiteTeamCountry "SRB"]
[BlackTeamCountry "SRB"]

1. Nf3 Nf6 2. d3 d5 3. g3 Bg4 4. Bg2 e6 5. 0-0 Bd6 6. c4 c6 7. Nbd2 0-0 8. a3 a5 9. b3 Nbd7 10. Bb2 Re8 11. Qc2 Qe7 12. e4 dxe4 13. dxe4 e5 14. h3 Bh5 15. Nh4 Bc5 16. Nf5 Qe6 17. Rfe1 Bg6 18. Bc3 Bxf5 19. exf5 Qe7 20. Qb2 Qd6 21. Red1 Qe7 22. b4 axb4 23. axb4 Bd6 24. Rxa8 Rxa8 25. c5 Bc7 26. Nc4 Ne8 27. Qe2 Kf8 28. g4 Rd8 29. Re1 Ra8 30. Qb2 Ra4 31. Qb3 Ra8 32. f4 f6 33. fxe5 fxe5 34. Qb2 Qh4 35. Re3 Qg5 36. Rd3 Nef6 37. Bd2 Qh4 38. Qc1 Ra2 39. Be1 Qh6 40. g5 Qh5 41. gxf6 Rxg2+ 42. Kxg2 Qe2+ 43. Bf2 Qxd3 44. fxg7+ Kg8 45. Ne3 Qe4+ 46. Kg1 Kxg7 47. Qe1 Nf6 48. Bh4 Nh5 49. Ng4 Qxe1+ 50. Bxe1 Nf4 51. h4 h5 52. Ne3 Kf6 53. Kf1 Nd5 54. Nc4 Kxf5 55. Ke2 e4 56. Bd2 Kg4 57. Nd6 b5 58. Nxe4 Kxh4 59. Kf3 Bd8 60. Be1+ Kh3 61. Bg3 1-0